Riverdale Character Quiz - Statistics

General Stats
  • This quiz has been taken 297 times
  • The average score is 25 of 38
Answer Stats
Actor Answer % Correct
KJ Apa Archie Andrews
100%
Lili Reinhart Betty Cooper
100%
Cole Sprouse Jughead Jones
100%
Camila Mendes Veronica Lodge
100%
Madelaine Petsch Cheryl Blossom
97%
Casey Cott Kevin Keller
95%
Luke Perry Fred Andrews
93%
Vanessa Morgan Toni Topaz
92%
Mädchen Amick Alice Cooper
91%
Skeet Ulrich F.P. Jones
91%
Mark Consuelos Hiram Lodge
88%
Ashleigh Murray Josie McCoy
87%
Marisol Nichols Hermione Lodge
86%
Charles Melton Reggie Mantle
81%
Lochlyn Munro Hal Cooper
75%
Nathalie Boltt Penelope Blossom
72%
Tiera Skovbye Polly Cooper
72%
Drew Ray Tanner Fangs Fogarty
71%
Jordan Conner Sweet Pea
68%
Hart Denton Chic
66%
Trevor Stines Jason Blossom
66%
Trinity Likins Jellybean Jones
60%
Molly Ringwald Mary Andrews
60%
Shannon Purser Ethel Muggs
59%
Martin Cummins Tom Keller
59%
Barclay Hope Claudius Blossom
57%
Wyatt Nash Charles Smith
51%
Cody Kearsley Moose Mason
48%
Chad Michael Murray Edgar Evernever
47%
Zoé De Grand Maison Evelyn Evernever
46%
Alvin Sanders Pop Tate
43%
Barbara Wallace Nana Rose
42%
Brit Morgan Penny Peabody
40%
Robin Givens Sierra McCoy
38%
Gina Gershon Gladys Jones
33%
Eli Goree Mad Dog
29%
Peter Bryant Principal Weatherbee
29%
Reese Alexander Myles McCoy
14%
No matching quizzes found
Score Distribution
Percent of People with Each Score
Percentile by Number Answered
Your Score History
You have not taken this quiz